00908nam a2200253 i 4500001001000000003000900010005001700019007000300036008004100039040003000080049000900110082001900119110009700138245002800235264005000263300004500313336002700358337004000385338002800425504003900453942001400492952013100506999001700637000013758DO-SdBNP20250128094342.0ta091130s1985 dr 000 0 spa d aDO-SdBNPbspacBNPHUerda aBNPD axxxbR311a2221 aRepública Dominicana.bSecretaría de Estado de Educación, Bellas Artes y Cultos92396510aRecursos audiovisuales. aSanto Domingo :bEditora Alfa y Omega,c1985. a228 páginas :bilustraciones ;c25 cm. atextobtxt2rdacontent asin mediaciónbn2sin mediación avolumenbnc2rdacarrier aBibliografía : páginas 226-228 2ddccLBS1 00102ddc51708PDaBNPHUbBNPHUcCTd2009-11-30l0oBNPHU PD xxx R311ap13758-20r2020-06-25w2020-06-25yLBS1ZNo se presta c13371d13371